<?xml version="1.0" encoding="UTF-8"?>
<record
    xmlns:xsi="http://www.w3.org/2001/XMLSchema-instance"
    xsi:schemaLocation="http://www.loc.gov/MARC21/slim http://www.loc.gov/standards/marcxml/schema/MARC21slim.xsd"
    xmlns="http://www.loc.gov/MARC21/slim">

  <leader>00737nam a2200205 i 4500</leader>
  <controlfield tag="001">144049</controlfield>
  <controlfield tag="003">ES-MaACL</controlfield>
  <controlfield tag="005">20231227173105.0</controlfield>
  <controlfield tag="007">t|</controlfield>
  <controlfield tag="008">070214s1964    sp      r    ||||1| spa d</controlfield>
  <datafield tag="100" ind1="1" ind2=" ">
    <subfield code="a">Simonds, Herbert R.</subfield>
    <subfield code="9">106561</subfield>
  </datafield>
  <datafield tag="245" ind1="1" ind2="0">
    <subfield code="a">Extrusi&#xF3;n de pl&#xE1;sticos, gomas y metales / </subfield>
    <subfield code="c">por Herbert R. Simonds ; versi&#xF3;n espa&#xF1;ola de Ricardo de la Cierva y de Hoces, C&#xE9;sar P. Prieto.</subfield>
  </datafield>
  <datafield tag="260" ind1=" " ind2=" ">
    <subfield code="a">Madrid : </subfield>
    <subfield code="b">River, </subfield>
    <subfield code="c">1964 (</subfield>
    <subfield code="f">Canales)</subfield>
  </datafield>
  <datafield tag="300" ind1=" " ind2=" ">
    <subfield code="a">428 p. : </subfield>
    <subfield code="b">il. ; </subfield>
    <subfield code="c">22 cm + </subfield>
    <subfield code="e">1 grab. pleg.</subfield>
  </datafield>
  <datafield tag="650" ind1=" " ind2="4">
    <subfield code="a">Pl&#xE1;sticos-</subfield>
    <subfield code="x">Extrusi&#xF3;n.</subfield>
    <subfield code="9">156870</subfield>
  </datafield>
  <datafield tag="700" ind1="1" ind2=" ">
    <subfield code="a">Cierva, Ricardo de la,</subfield>
    <subfield code="d">1926-2015</subfield>
    <subfield code="9">38790</subfield>
  </datafield>
  <datafield tag="700" ind1="1" ind2=" ">
    <subfield code="a">P&#xE9;rez Prieto, C&#xE9;sar.</subfield>
    <subfield code="9">91095</subfield>
  </datafield>
  <datafield tag="852" ind1=" " ind2=" ">
    <subfield code="a">ES-MaACL</subfield>
    <subfield code="j">C-26544 </subfield>
    <subfield code="b">R.55593</subfield>
  </datafield>
  <datafield tag="999" ind1=" " ind2=" ">
    <subfield code="c">144049</subfield>
    <subfield code="d">144049</subfield>
  </datafield>
  <datafield tag="952" ind1=" " ind2=" ">
    <subfield code="0">0</subfield>
    <subfield code="1">0</subfield>
    <subfield code="4">0</subfield>
    <subfield code="7">0</subfield>
    <subfield code="a">ATENEOM</subfield>
    <subfield code="b">ATENEOM</subfield>
    <subfield code="c">DEPO2</subfield>
    <subfield code="d">2008-01-17</subfield>
    <subfield code="e">SC</subfield>
    <subfield code="l">0</subfield>
    <subfield code="o">C-26544</subfield>
    <subfield code="p">1149873</subfield>
    <subfield code="r">2023-02-23 00:00:00</subfield>
    <subfield code="w">2023-02-23</subfield>
    <subfield code="y">MONOGRAFIA</subfield>
  </datafield>
</record>
